[Event "SVK-ch U08 Girls"]
[Site "Liptovsky Mikulas"]
[Date "2016.04.17"]
[Round "2"]
[White "Sosovickova, Martina"]
[Black "Klimcikova, Nina"]
[Result "1-0"]
[WhiteElo "1068"]
[BlackElo "1000"]
[PlyCount "63"]
[EventDate "2016.04.16"]
[EventType "swiss"]
[EventRounds "9"]
[EventCountry "SVK"]
[SourceTitle "CBM 172 Extra"]
[Source "ChessBase"]
[SourceDate "2016.06.21"]
[SourceVersion "1"]
[SourceVersionDate "2016.06.21"]
[SourceQuality "1"]

1. e4 e5 2. Nf3 Nc6 3. Bb5 Na5 4. Nc3 Bb4 5. 0-0 Bc5 6. Nxe5 Qf6 7. Nf3 c6 8. Ba4 d6 9. d4 Bb6 10. Re1 Bg4 11. h3 Bxf3 12. Qxf3 Qxd4 13. Be3 Qb4 14. Bb3 0-0-0 15. a3 Qb5 16. Nxb5 cxb5 17. Bxb6 axb6 18. Qg4+ Rd7 19. Re3 Nf6 20. Rc3+ Kb8 21. Qxg7 Rdd8 22. Qxf6 Rdg8 23. Qxd6+ Ka7 24. Bxf7 Rg7 25. Qe5 Nb3 26. Qxg7 Rd8 27. Rxb3 Rd2 28. a4 bxa4 29. Rxa4+ Kb8 30. Rc3 Rd1+ 31. Kh2 b5 32. Qg8+ 1-0